Yüklüyor......
Information technology and digital library
| Yazar: | |
|---|---|
| Materyal Türü: | Printed Book |
| Baskı/Yayın Bilgisi: |
Jaipur:
Ishika Publishing House,
2014.
|
| Konular: |
| LEADER | 00521cam a2200157ua 4500 | ||
|---|---|---|---|
| 020 | |a 978-93-82629-52-8 | ||
| 082 | |a 025.04 | ||
| 100 | |a Govardhan Aute. | ||
| 245 | |a Information technology and digital library | ||
| 260 | |a Jaipur: |b Ishika Publishing House, |c 2014. | ||
| 300 | |a 280p. | ||
| 650 | |a Digital library | ||
| 650 | |a Multimedia in libraries | ||
| 942 | |c BK | ||
| 999 | |c 51656 |d 51656 | ||
| 952 | |0 0 |1 0 |4 0 |6 025_040000000000000 |7 0 |8 Stack |9 62466 |a KUCL |b KUCL |c Stack |d 2018-09-12 |g 1795.00 |l 0 |o 025.04 |p 47258 |r 2018-09-12 |w 2018-09-12 |y BK | ||